| 000 | 00386nam a22001217a 4500 | ||
|---|---|---|---|
| 082 | _a540 | ||
| 100 |
_aBhargav, Kalpana _982592 |
||
| 245 | _aDisha"s 164 chapterwise +topicwise JEE MAIN CHEMISTRY online (2024-2012) & offline (2018-2002)previous year solved papers | ||
| 250 | _a8TH | ||
| 260 |
_anew delhi _ppearson india education services _c2024 |
||
| 650 | _achemistry | ||
| 942 | _cBK | ||
| 999 |
_c67248 _d67248 |
||